Les plantes aromatiques - Statistiques

Statistiques générales
  • Ce quiz a été pris 444 fois
    422 depuis la dernière actualisation
  • Le résultat moyen est 18 sur 40
Statistiques - réponses
Par images Réponse % Correct
Ail
100%
Basilic
95%
Cannelle
94%
Menthe
81%
Piments rouges
79%
Oignon
78%
Gingembre
76%
Vanille
72%
Anis étoilé
68%
Poivre noir
68%
Girofle
65%
Coriandre
61%
Curcuma
59%
Noix de muscade
59%
Persil
59%
Romarin
59%
Aneth
53%
Céleri
53%
Echalote
53%
Thym
52%
Ciboulette
50%
Laurier
41%
Sauge
39%
Sésame
39%
Capucine
32%
Cumin
27%
Ail des ours
25%
Houblon
24%
moutarde
18%
Cardamome
17%
Ciboule
16%
Estragon
15%
Cerfeuil
13%
Origan
12%
Genièvre
10%
Carvi
6%
Soja
6%
Armoise
5%
Cresson alénois
5%
Raifort
5%
Aucun quiz correspondant
Distribution des résultats
% des personnes avec chaque résultat
Percentile par nombre de réponses
Votre historique - résultats
Vous n’avez pas pris ce quiz depuis la dernière actualisation